| 000 | 00551nam a2200205Ia 4500 | ||
|---|---|---|---|
| 003 | GCL | ||
| 008 | 140319s9999 xx 000 0 ara d | ||
| 040 |
_aGCL / _cGCL |
||
| 082 | 0 | 4 |
_a028.7 _bج م |
| 100 | 1 | _aجوزف صقر | |
| 245 | 1 | 0 |
_aموسوعة الفا اسئلة واجوبة / _cجوزف صقر |
| 700 | 1 | _aانطوان مراد | |
| 700 | 1 | _aايلين زغيب | |
| 300 | _aمتعدد | ||
| 490 | _a | ||
| 650 | 0 | 4 | _aالموسوعات |
| 650 | 0 | 4 | _aالثقافة |
| 650 | 0 | 4 | _aالمعرفة - موسوعات |
| 942 |
_2ddc _cBK |
||
| 999 |
_c46710 _d46710 |
||